|
|
|
|
| LEADER |
00000nam0a2200000 4500 |
| 001 |
339502 |
| 005 |
20231102005141.0 |
| 035 |
|
|
|a (RuTPU)RU\TPU\book\366018
|
| 090 |
|
|
|a 339502
|
| 100 |
|
|
|a 20171225d1974 km y0rusy50 ca
|
| 101 |
0 |
|
|a rus
|
| 102 |
|
|
|a RU
|
| 105 |
|
|
|a a z 001zy
|
| 200 |
1 |
|
|a Ситуационное управление большими системами
|f Ю. И. Клыков
|
| 210 |
|
|
|a Москва
|c Энергия
|d 1974
|
| 215 |
|
|
|a 135 с.
|c ил.
|
| 320 |
|
|
|a Библиогр.: с. 132-134
|
| 606 |
1 |
|
|a Сложные системы
|x Управление
|2 stltpush
|3 (RuTPU)RU\TPU\subj\55211
|9 73271
|
| 610 |
1 |
|
|a языки программирования
|
| 610 |
1 |
|
|a микромодели
|
| 610 |
1 |
|
|a макромодели
|
| 610 |
1 |
|
|a функционирование
|
| 610 |
1 |
|
|a математическое обеспечение
|
| 610 |
1 |
|
|a применение
|
| 610 |
1 |
|
|a принятие решений
|
| 610 |
1 |
|
|a информационные модели
|
| 610 |
1 |
|
|a вычислительные машины
|
| 675 |
|
|
|a 681.51.075
|v 4
|
| 700 |
|
1 |
|a Клыков
|b Ю. И.
|g Юрий Иванович
|
| 801 |
|
1 |
|a RU
|b 63413507
|c 20171225
|
| 801 |
|
2 |
|a RU
|b 63413507
|c 20171225
|g RCR
|
| 942 |
|
|
|c BK
|